000 00497nam a2200169Ia 4500
008 241217s9999||||xx |||||||||||||| ||und||
020 _a999763912X
_c0
040 _beng
_cSSK Library
_erda
082 _a610.73/MED
100 _a Sharon Mantik Lewis, Margaret Mclean Heitkemper & Shannon Ruff Dirksen -
245 0 _aMedical-Surgical Nursing
250 _a6th ed
260 _b Elsevier Mosby
_c©2004
942 _2Dewey Decimal Classification
_cBOOK
_nNo
999 _c18828
_d18828
003 OSt
005 20241217112709.0